000 00343nam a2200145Ia 4500
005 20251222144826.0
008 251222s9999||||xx |||||||||||||| ||spa||
020 _a84-7829-061-3
082 _a004.68/K96
100 _aKurose, James F.
245 0 _aRedes de computadores
250 _a2a.ed.
264 _bPearson Educación
942 _cLIB
999 _c20670
_d20670